=LDR 00000nam 2200000 4500 =001 INLIS000000000001850 =005 20220113020753 =035 ##$$a 0010-0122000525 =245 1#$$a Studi Kelayakan Pendirian Usaha Nata De Coco di Kota Baubau : $b Tugas Akhir /$c Ketut Dodi Suartana =100 1#$$a SUARTANA, Ketut Dodi =250 ##$$a 2013 =300 ##$$a xi, 75 halaman : $b Tabel, gambar ; $c 20,5x28,5 cm =856 ##$$a OPAC (Rak TA TPL 2013) =260 ##$$a Makassar :$b Akademi Teknik Industri Makassar - Tenaga Penyuluh Lapangan,$c 2013 =082 ##$$a (R)2013 TA-TPL 818 =084 ##$$a (R)2013 TA-TPL 818 SUA s =650 #4$$a Tugas Akhir TPL 2013 =500 ##$$a Tugas Akhir TPL 2013 =990 ##$$a 33/TA TPL 2013